000 02021nam0a22003011 4500
001 v19\rc\1987389
005 20260406093951.0
035 _a(NLR Aleph) 005083656
090 _a7223245
_c7223245
100 _a20080811d1915 u y0rusy50 ca
101 0 _arus
102 _aRU
105 _ay z |||a|
200 1 _aВ борьбе с коварным врагом
_eЭпизоды и рассказы из текущей войны
_fГ.Т. Северцев-Полилов
210 _aПетроград
_cтип. И. Шурухта
_d1915
215 _a248 с.
_d18
327 1 _aСодерж.: Все родине; Предатель; Под чужой личиной; Предсказание о разгроме Бельгии; На краю гибели; В капище хромого бога; Один на девятнадцать; Мгновенно; Русский в роли немецкого генерала; Тайна колоколов; Завещание Гогенцоллернов; В славной квартире Вильгельма; Перстень; Принц Эйтель
464 0 _12001#$aВсе родине$aПредатель$aПод чужой личиной$aПредсказание о разгроме Бельгии$aНа краю гибели$aВ капище хромого бога$aОдин на девятнадцать$aМгновенно$aРусский в роли немецкого генерала$aТайна колоколов$aЗавещание Гогенцоллернов$aВ славной квартите Вильгельма$aПерстень$aПринц Эйтель
_tПринц Эйтель
700 1 _8rus
_7ca
_aПолилов
_bГ. Т.
_f1859-1915
_gГеоргий Тихонович
_3RU\NLR\AUTH\7767814
_950742
801 0 _aRU
_bNLR
_gpsbo
801 0 _aRU
_bRuMoRGB
_2psbo
801 1 _aRU
_bProSoft-M
_2rusmarc
852 _aNLR
_j37.77.7.22
899 _aRuMoRGB
_jV 218/521
899 _aБАН
942 _cBOOK
980 _aNB